[Event "SVM_Regionalliga_2024-25"]
[Site "?"]
[Date "2024.09.22"]
[Round "2.6"]
[Board "3"]
[White "Holzwarth,Felix"]
[Black "Spindler,Florian"]
[WhiteTeam "SG Porz 4"]
[BlackTeam "SG Porz 3"]
[WhiteElo "2003"]
[BlackElo "1993"]
[WhiteDWZ "2021"]
[BlackDWZ "2005"]
[Result "1-0"]
[PlyCount "65"]
[EventDate "2024.09.22"]
[SourceDate "2024.09.22"]
 
1. e4 c5 2. b3 Nc6 3. Bb2 e6 4. Nf3 d5 5. Bb5 dxe4 6. Ne5 Qc7 7. Bxc6+ bxc6 8. Na3 Ba6 9. Nac4 Nf6 10. Qe2 Rd8 11. O-O-O Rd5 12. f4 exf3 13. Qxf3 Be7 14. g4 O-O 15. h4 Bxc4 16. Nxc4 Nd7 17. Ne3 Rd4 18. Bxd4 cxd4 19. Nc4 Nb6 20. Qd3 Rd8 21. Rdf1 Nxc4 22. Qxc4 Qa5 23. Kb1 Qxd2 24. Rh3 Qg2 25. Rhf3 d3 26. cxd3 Bf6 27. R3f2 Qg3 28. g5 Bd4 29. Rxf7 Bf6 30. R7xf6 gxf6 31. Qxe6+ Kf8 32. Qxf6+ Ke8 33. Qe6# 1-0

[Event "SVM_Regionalliga_2024-25"]
[Site "?"]
[Date "2024.09.22"]
[Round "2.6"]
[Board "4"]
[White "Kagan,Dennis"]
[Black "Sistig,Max"]
[WhiteTeam "SG Porz 3"]
[BlackTeam "SG Porz 4"]
[WhiteElo "2021"]
[BlackElo "1972"]
[WhiteDWZ "2004"]
[BlackDWZ "1983"]
[Result "1/2-1/2"]
[PlyCount "66"]
[EventDate "2024.09.22"]
[SourceDate "2024.09.22"]
 
1. e4 c5 2. Nc3 Nc6 3. g3 g6 4. Bg2 Bg7 5. Nge2 e6 6. d3 Nge7 7. Be3 Nd4 8. O-O O-O 9. Qd2 d5 10. exd5 exd5 11. Bxd4 cxd4 12. Nd1 Qb6 13. c3 dxc3 14. bxc3 Bd7 15. Ne3 Bc6 16. Rab1 Qa5 17. Rb4 Rad8 18. Nd4 Rfe8 19. Rfb1 b6 20. R1b3 Qc5 21. Nxc6 Qxc6 22. c4 Bh6 23. f4 Qc5 24. d4 dxc4 25. Rxc4 Qd6 26. d5 Bg7 27. Rd3 b5 28. Rc1 Qb6 29. Kf1 Rd6 30. Rb1 Qc5 31. Qb4 Qxb4 32. Rxb4 a6 33. Re4 Kf8 {(=)} 1/2-1/2

[Event "SVM-Regionalliga 2024-25"]
[Site "?"]
[Date "2024.10.13"]
[Round "3.2"]
[Board "1"]
[White "Savchenko,Daniel"]
[Black "Vandenbergen,Nicolas"]
[WhiteTeam "SG Porz 3"]
[BlackTeam "SK Turm Euskirchen 1"]
[WhiteElo "2057"]
[BlackElo "2107"]
[WhiteDWZ "2068"]
[BlackDWZ "2097"]
[Result "0-1"]
[PlyCount "42"]
[EventDate "2024.10.13"]
[SourceDate "2024.10.13"]
 
1. e4 c5 2. Nf3 e6 3. d4 cxd4 4. Nxd4 Nf6 5. Nc3 Nc6 6. Nxc6 bxc6 7. e5 Nd5 8.
Ne4 Qa5+ 9. Bd2 Qc7 10. f4 Qb6 11. c4 Ne3 12. Qc1 Nxf1 13. Rxf1 Qd4 14. Nf2 d5
15. exd6 Bxd6 16. Bc3 Qxc4 17. b3 Qd5 18. Bxg7 Rg8 19. Qc3 Rxg7 20. Rd1 Qc5 21.
Qd3 Ba6 0-1

[Event "SVM-Regionalliga 2024-25"]
[Site "?"]
[Date "2024.10.13"]
[Round "3.2"]
[Board "2"]
[White "Brinkmann,Sven"]
[Black "Kremser,Michael"]
[WhiteTeam "SK Turm Euskirchen 1"]
[BlackTeam "SG Porz 3"]
[WhiteElo "2054"]
[BlackElo "2004"]
[WhiteDWZ "2014"]
[BlackDWZ "2084"]
[Result "0-1"]
[PlyCount "114"]
[EventDate "2024.10.13"]
[SourceDate "2024.10.13"]
 
1. e4 c6 2. d4 d5 3. Nc3 dxe4 4. Nxe4 Nd7 5. Nf3 Ngf6 6. Ng3 e6 7. Bd3 c5 8. c3
cxd4 9. Nxd4 Bc5 10. O-O O-O 11. Nf3 Qc7 12. Qe2 b6 13. Ne4 Bb7 14. Nxc5 Nxc5
15. Bc2 Be4 16. Be3 Bxc2 17. Qxc2 Rfe8 18. Rad1 {(=)} e5 19. Bxc5 Qxc5 20. Qf5
Qc8 21. Qxc8 Raxc8 22. Rfe1 e4 23. Nd4 Re5 24. f3 Kf8 25. fxe4 Rxe4 26. Rxe4
Nxe4 27. Re1 Re8 28. a3 g6 29. Nb5 a5 30. g4 Kg7 31. Kg2 f5 32. gxf5 gxf5 33.
Rd1 Kf6 34. Rd7 Nc5 35. Rxh7 Re2+ 36. Kf3 Rxb2 37. Rh6+ Ke5 38. Rxb6 Rxh2 39.
Rb8 Rh3+ 40. Kg2 Rd3 41. c4 Kf4 42. Rh8 Rd2+ 43. Kf1 Ne4 44. Rh3 Kg4 45. Re3
Rc2 46. Nd4 Rxc4 47. Nf3 Kf4 48. Rd3 Rc1+ 49. Ne1 Ra1 50. Ke2 Ra2+ 51. Kf1 Ng3+
52. Kg1 Ne2+ 53. Kf1 Ke4 54. Rb3 Nd4 55. Rc3 f4 56. Nd3 Nb5 57. Nf2+ Rxf2+ 0-1

[Event "SVM-Regionalliga 2024-25"]
[Site "?"]
[Date "2024.10.13"]
[Round "3.2"]
[Board "3"]
[White "Paulus,Jeffrey"]
[Black "Neubauer,Jürgen"]
[WhiteTeam "SG Porz 3"]
[BlackTeam "SK Turm Euskirchen 1"]
[WhiteElo "2004"]
[BlackElo "2004"]
[WhiteDWZ "2016"]
[BlackDWZ "1954"]
[Result "1/2-1/2"]
[PlyCount "103"]
[EventDate "2024.10.13"]
[SourceDate "2024.10.13"]
 
1. d4 Nf6 2. c4 e6 3. Nf3 d5 4. Nc3 Be7 5. Bg5 h6 6. Bh4 O-O 7. cxd5 exd5 8. e3
Be6 9. Bd3 Nbd7 10. O-O Rc8 11. Rc1 Re8 12. Qb3 Nb6 13. a4 a5 14. Bg3 c6 15.
Ne2 Ne4 16. Nf4 Bf5 17. Rfd1 Bb4 18. Ne5 Nd7 19. Bxe4 Bxe4 20. Ned3 g5 21. Ne2
Bxd3 22. Qxd3 Qf6 23. Nc3 Qe6 24. Na2 Bf8 25. Rc2 Nf6 26. Qb3 Qd7 {(=)} 27. Qb6
Ra8 28. Qc7 Re7 29. Qxd7 Rxd7 30. f3 Bd6 31. Be5 Nh5 32. Bxd6 Rxd6 33. Nc1 Re8
34. Kf2 Rde6 35. Rc3 f5 36. Nb3 b6 37. Rdd3 f4 38. Nc1 R8e7 39. Rb3 c5 40. dxc5
bxc5 41. Rxd5 fxe3+ 42. Ke1 c4 43. Rb8+ Kg7 44. Ne2 Nf4 45. Nxf4 gxf4 46. g3
fxg3 47. hxg3 e2 48. Rdd8 Re3 49. Rg8+ Kf6 50. Rgf8+ Kg7 51. Rg8+ Kf7 52. Rgf8+
1/2-1/2

[Event "SVM-Regionalliga 2024-25"]
[Site "?"]
[Date "2024.10.13"]
[Round "3.2"]
[Board "5"]
[White "Spindler,Florian"]
[Black "Reckers,Sebastian"]
[WhiteTeam "SG Porz 3"]
[BlackTeam "SK Turm Euskirchen 1"]
[WhiteElo "1993"]
[BlackElo "2012"]
[WhiteDWZ "2005"]
[BlackDWZ "1861"]
[Result "0-1"]
[PlyCount "54"]
[EventDate "2024.10.13"]
[SourceDate "2024.10.13"]
 
1. d4 Nf6 2. c4 g6 3. Nc3 Bg7 4. e4 d6 5. Be2 O-O 6. Nf3 e5 7. d5 a5 8. O-O Na6
9. Ne1 Nc5 10. f3 Bd7 11. Be3 Ne8 12. Nd3 b6 13. Nxc5 bxc5 14. Qd2 f5 15. f4
Qe7 16. fxe5 Bxe5 17. Bg5 Bf6 18. Bxf6 Nxf6 19. exf5 Bxf5 20. Rae1 Qg7 21. Bd3
Bxd3 22. Qxd3 Ng4 23. b3 Rxf1+ 24. Rxf1 Qe5 25. g3 Re8 26. Qf3 Qd4+ 27. Kh1 Ne5
0-1

[Event "SVM-Regionalliga 2024-25"]
[Site "?"]
[Date "2024.10.13"]
[Round "3.2"]
[Board "6"]
[White "Alnafkhosh,Nashaat"]
[Black "Kagan,Dennis"]
[WhiteTeam "SK Turm Euskirchen 1"]
[BlackTeam "SG Porz 3"]
[WhiteElo "1866"]
[BlackElo "2021"]
[WhiteDWZ "1815"]
[BlackDWZ "2004"]
[Result "1/2-1/2"]
[PlyCount "149"]
[EventDate "2024.10.13"]
[SourceDate "2024.10.13"]
 
1. e4 c5 2. Nf3 d6 3. d4 cxd4 4. Nxd4 Nf6 5. Nc3 Nc6 6. Bc4 Qb6 7. Nxc6 bxc6 8.
O-O e6 9. Bb3 Be7 10. Be3 Qc7 11. f4 O-O 12. Kh1 Bb7 13. Qe2 c5 14. Bg1 d5 15.
e5 Nd7 16. Nb5 Qa5 17. c4 d4 18. f5 exf5 19. e6 Nf6 20. exf7+ Rxf7 21. Rxf5 Qd8
22. Rd1 Qd7 23. Bc2 a6 24. Nc3 Re8 25. Nd5 Bd8 26. Re5 Rxe5 27. Qxe5 Nxd5 28.
cxd5 Qxd5 29. Qxd5 Bxd5 30. b4 Bb6 31. bxc5 Bxc5 32. a4 {(=)} Re7 33. Bd3 Re6
34. Bf2 a5 35. Rc1 Bb6 36. Rc8+ Kf7 37. Bxh7 d3 38. Bg8+ Kf6 39. Bxe6 Bxe6 40.
Bxb6 Bxc8 41. Bxa5 Kf5 {(=)} 42. Bc3 Ke4 43. Bd2 Kf5 44. Kg1 Ke4 45. Kf2 g6 46.
h3 Bb7 47. g4 Kd4 48. h4 Ke4 49. h5 gxh5 50. gxh5 Kd4 51. a5 Be4 52. h6 Kc5 53.
Ke3 Bh7 {(=)} 54. Kf4 Kb5 55. Ke5 Ka6 56. Kf6 Ka7 57. Kg7 Be4 58. h7 Bxh7 59.
Kxh7 Ka8 60. Kg6 Ka7 61. Kf5 Ka8 62. Ke4 Ka7 63. Kxd3 Ka8 64. Kc4 Ka7 65. Kb5
Kb7 66. Be3 Ka8 67. Bc5 Kb7 68. a6+ Ka8 69. Bb6 Kb8 70. Kc6 Ka8 71. Kd7 Kb8 72.
a7+ Ka8 73. Kd8 Kb7 74. Kd7 Ka8 75. Kc8 1/2-1/2

[Event "SVM-Regionalliga 2024-25"]
[Site "?"]
[Date "2024.10.13"]
[Round "3.2"]
[Board "7"]
[White "Slowik,Martin"]
[Black "Blumenthal,Ralf"]
[WhiteTeam "SG Porz 3"]
[BlackTeam "SK Turm Euskirchen 1"]
[WhiteElo "1984"]
[BlackElo "1912"]
[WhiteDWZ "1994"]
[BlackDWZ "1774"]
[Result "1/2-1/2"]
[PlyCount "72"]
[EventDate "2024.10.13"]
[SourceDate "2024.10.13"]
 
1. d4 Nf6 2. Nc3 d6 3. e4 g6 4. Bf4 Bg7 5. Qd2 h6 6. f3 c6 7. O-O-O Qc7 8. Nge2
Nbd7 9. e5 Nh5 10. exd6 exd6 11. Qe3+ Kd8 12. Ne4 Re8 13. Qd2 Nxf4 14. Qxf4 Ke7
15. N2c3 f5 16. Nxd6 Qxd6 17. Re1+ Ne5 18. dxe5 Qc5 19. Qc4 Qa5 20. Qb3 b5 21.
Qa3+ Qxa3 22. bxa3 Be6 23. f4 Red8 24. Be2 Rd4 25. g3 Rad8 26. Bf3 Kd7 27. Rd1
Kc7 28. Ne2 Rxd1+ 29. Rxd1 Rxd1+ 30. Kxd1 Bf8 31. Nd4 Bd7 32. a4 bxa4 33. c3 c5
34. Nc2 Be6 35. a3 Bb3 36. Kd2 Bxc2 {(=)} 1/2-1/2

[Event "SVM-Regionalliga 2024-25"]
[Site "?"]
[Date "2024.10.13"]
[Round "3.3"]
[Board "1"]
[White "Henrotte,Nils"]
[Black "Richter,Dirk"]
[WhiteTeam "Eschweiler SC 1"]
[BlackTeam "SG Siebengebirge 1"]
[WhiteElo "1987"]
[BlackElo "2112"]
[WhiteDWZ "1986"]
[BlackDWZ "2020"]
[Result "1/2-1/2"]
[PlyCount "41"]
[EventDate "2024.10.13"]
[SourceDate "2024.10.13"]
 
 1. e3 d5 2. b3 e5 3. d4 exd4 4. exd4 Nf6 5. Bd3 Bg4 6. f3 Bh5 7. Ne2 Bd6 8. Nf4 Bg6 9. Qe2+ Qe7 10. Qxe7+ Kxe7 11. Nxg6+ hxg6 12. Ba3 Nc6 13. Bxd6+ Kxd6 14. c3 Rh7 15. Kf2 Rah8 16. h3 Nd8 17. Re1 Ne6 18. Na3 c6 19. Re3 Nh5 20. Rae1 Nhf4 21. Bf1 {(=)} 1/2-1/2

[Event "SVM-Regionalliga 2024-25"]
[Site "?"]
[Date "2024.10.13"]
[Round "3.3"]
[Board "2"]
[White "Wambach,Patrick"]
[Black "Singh,Marcel"]
[WhiteTeam "SG Siebengebirge 1"]
[BlackTeam "Eschweiler SC 1"]
[WhiteElo "1977"]
[BlackElo "1922"]
[WhiteDWZ "1994"]
[BlackDWZ "1822"]
[Result "1/2-1/2"]
[PlyCount "34"]
[EventDate "2024.10.13"]
[SourceDate "2024.10.13"]
 
1. Nf3 Nf6 2. c4 e6 3. g3 d5 4. cxd5 exd5 5. Bg2 Bd6 6. O-O O-O 7. Nc3 c6 8. d3 Nbd7 9. e4 dxe4 10. dxe4 Ne5 11. Nxe5 Bxe5 12. Qc2 Qe7 13. h3 Be6 14. Be3 Rfd8 15. Rad1 b6 16. f4 Bxc3 17. bxc3 Bc4 {(=)} 1/2-1/2

[Event "SVM-Regionalliga 2024-25"]
[Site "?"]
[Date "2024.10.13"]
[Round "3.3"]
[Board "3"]
[White "Schüller,Tobias"]
[Black "Schild,Willi"]
[WhiteTeam "Eschweiler SC 1"]
[BlackTeam "SG Siebengebirge 1"]
[WhiteElo "2015"]
[BlackElo "2057"]
[WhiteDWZ "1969"]
[BlackDWZ "1767"]
[Result "0-1"]
[PlyCount "80"]
[EventDate "2024.10.13"]
[SourceDate "2024.10.13"]
 
1. e4 d5 2. Nc3 dxe4 3. Nxe4 Nf6 4. Nxf6+ gxf6 5. d4 Bf5 6. c3 c6 7. Nf3 e6 8. g3 Be4 9. Bg2 h5 10. h4 Bd6 11. O-O Nd7 12. Ne1 Bxg2 13. Nxg2 Qc7 14. Bf4 e5 15. Be3 b6 16. a4 O-O-O {(=)} 17. a5 b5 18. Qb3 f5 19. f4 exd4 20. Bxd4 Nc5 21. Qc2 Ne4 22. Bxh8 Rxh8 23. Rf3 Rg8 24. Kh2 a6 25. Kh3 Bc5 26. Rd1 Qa7 {(=)} 27. Kh2 Bf2 28. Rdd3 Bg1+ 29. Kh1 Nf2+ 30. Rxf2 Bxf2 31. Rd2 Bxg3 32. Qxf5+ Kb8 33. Qe5+ Ka8 34. Qf6 Qc7 35. Qh6 Qc8 36. Kg1 Rg6 37. Qxh5 Bxf4 38. Re2 Qd8 39. Qf5 Qd1+ 40. Kf2 Rxg2+ 0-1

[Event "SVM-Regionalliga 2024-25"]
[Site "?"]
[Date "2024.10.13"]
[Round "3.3"]
[Board "6"]
[White "Borriss,Emma"]
[Black "Oepen,Lothar"]
[WhiteTeam "SG Siebengebirge 1"]
[BlackTeam "Eschweiler SC 1"]
[WhiteElo "1578"]
[BlackElo "2064"]
[WhiteDWZ "1558"]
[BlackDWZ "2036"]
[Result "1/2-1/2"]
[PlyCount "88"]
[EventDate "2024.10.13"]
[SourceDate "2024.10.13"]
 
1. e4 e6 2. d4 d5 3. e5 c5 4. c3 Nc6 5. Nf3 f5 6. Be3 cxd4 7. cxd4 g6 8. h4 h6 9. Bd3 a6 10. g4 Nb4 11. a3 Nxd3+ 12. Qxd3 Ne7 13. g5 h5 14. Nc3 Bd7 15. Nd2 Nc8 16. O-O b5 17. b4 Nb6 18. Nb3 Nc4 19. Nc5 Bxc5 20. bxc5 Rb8 21. Rfb1 Bc6 22. Bd2 Qc7 23. Rb3 Kd7 24. f4 Rb7 25. Na2 Ra8 26. Nb4 Qb8 27. Rab1 Raa7 28. Be1 Qa8 29. Kf2 Rb8 30. Nxc6 Kxc6 31. Ke2 Rab7 32. Qc2 a5 33. Qa2 Qa6 34. Kf2 Kd7 35. Kf3 Qc6 36. Kf2 Qa6 37. Kf3 Kc6 38. Kf2 Ra8 39. Kf3 Kc7 40. Kf2 Qc6 41. Kf3 Kb8 42. Ke2 Ka7 43. Kf3 Qa6 44. Kf2 Kb8 1/2-1/2

[Event "SVM-Regionalliga 2024-25"]
[Site "?"]
[Date "2024.10.13"]
[Round "3.4"]
[Board "1"]
[White "Kocur,Alois"]
[Black "König,Christian"]
[WhiteTeam "SV Springer Hitdorf 1"]
[BlackTeam "SF Lohmar 1"]
[WhiteElo "2243"]
[BlackElo "2036"]
[WhiteDWZ "2180"]
[BlackDWZ "2033"]
[Result "1/2-1/2"]
[PlyCount "44"]
[EventDate "2024.10.13"]
[SourceDate "2024.10.13"]
 
1. e4 c6 2. d4 d5 3. exd5 cxd5 4. Bd3 Nc6 5. c3 Qc7 6. Na3 a6 7. Nc2 e6 8. Nf3 Bd6 9. O-O Nge7 10. Re1 f6 11. Ne3 O-O 12. a4 Kh8 13. h3 Bd7 14. Bd2 e5 15. dxe5 fxe5 16. Ng5 e4 17. Bc2 h6 18. Bb3 Bh2+ 19. Kh1 Rxf2 20. Qh5 Be8 21. Qd1 Bd7 22. Qh5 Be8 1/2-1/2

[Event "SVM-Regionalliga 2024-25"]
[Site "?"]
[Date "2024.10.13"]
[Round "3.4"]
[Board "3"]
[White "Schmitz,Andreas Arnold"]
[Black "Akstinat,Sven-Holger"]
[WhiteTeam "SV Springer Hitdorf 1"]
[BlackTeam "SF Lohmar 1"]
[WhiteElo "1967"]
[BlackElo "1980"]
[WhiteDWZ "2021"]
[BlackDWZ "1939"]
[Result "1-0"]
[PlyCount "109"]
[EventDate "2024.10.13"]
[SourceDate "2024.10.13"]
 
1. e4 c5 2. c3 d5 3. exd5 Qxd5 4. d4 g6 5. Qf3 Qxf3 6. Nxf3 cxd4 7. Nxd4 Bg7 8. Nb5 Na6 9. Be2 Bd7 10. Be3 Nh6 11. Bxa7 O-O 12. N1a3 Bc6 13. O-O Nb4 14. Bd4 Nd5 15. Bxg7 Kxg7 16. Bf3 Nf5 17. Rfd1 Nf4 18. Nd4 Bxf3 19. Nxf3 Ne2+ 20. Kf1 Nxc3 21. Rd7 b5 22. g4 Nh6 23. h3 Ng8 24. Rb7 Ra5 25. Nd4 Rfa8 26. Ndxb5 Nd5 27. g5 Nf4 28. h4 h6 29. Rd1 hxg5 30. hxg5 Rc8 31. f3 Ra6 32. Rc7 Rb8 33. Rc4 e5 34. Rd7 Ne6 35. Nc7 Nxc7 36. Rcxc7 Rf8 37. Kf2 Ra5 38. Ke3 Ra4 39. Rc4 Ra5 40. Rb7 Re8 41. Rcc7 Rf8 42. Ke4 Ra4+ 43. Nc4 Kh8 44. a3 Ne7 45. b3 Rxc4+ 46. bxc4 Nf5 47. c5 Kg8 48. Kxe5 Re8+ 49. Kf4 Ra8 50. Ra7 Rd8 51. Rxf7 Re8 52. Rfd7 Kf8 53. c6 Ne7 54. Rxe7 Rxe7 55. Rxe7 1-0

[Event "SVM-Regionalliga 2024-25"]
[Site "?"]
[Date "2024.10.13"]
[Round "3.4"]
[Board "5"]
[White "Pyrowicz,Jacek"]
[Black "Weber,Olaf"]
[WhiteTeam "SV Springer Hitdorf 1"]
[BlackTeam "SF Lohmar 1"]
[WhiteElo "1929"]
[BlackElo "2027"]
[WhiteDWZ "1852"]
[BlackDWZ "1866"]
[Result "1/2-1/2"]
[PlyCount "88"]
[EventDate "2024.10.13"]
[SourceDate "2024.10.13"]
 
1. d4 Nf6 2. c4 e6 3. Nf3 b6 4. Bg5 Be7 5. e3 Bb7 6. Bd3 O-O 7. O-O d5 8. Nc3 c5 9. Rc1 dxc4 10. Bxc4 cxd4 11. Nxd4 Nd5 12. Bxe7 Qxe7 13. Nxd5 exd5 14. Be2 Na6 15. Qa4 Nc5 16. Qb4 Rac8 17. Bg4 Rc7 18. Nf5 Qf6 19. Qf4 Ne6 20. Qg3 Rxc1 21. Rxc1 Qxb2 22. Rd1 Qf6 23. h4 Nc5 24. Qc7 g6 25. Ne7+ Kg7 26. Nxd5 Bxd5 27. Rxd5 Qxh4 28. Bf3 Ne6 29. Qxa7 Qb4 30. Rd1 Rc8 31. Bd5 Rc7 32. Qa6 Rd7 33. Qf1 Nc7 34. Rb1 Qc5 35. Bb3 Rd2 36. Rc1 Qd6 37. Qe1 Na6 38. Rd1 Rxd1 39. Qxd1 Qxd1+ 40. Bxd1 Kf6 41. Bb3 Nc5 42. Bc4 Ke7 43. f3 f5 44. Kf2 Kf6 1/2-1/2

[Event "SVM-Regionalliga 2024-25"]
[Site "?"]
[Date "2024.10.13"]
[Round "3.5"]
[Board "1"]
[White "Esser,Michael"]
[Black "Reinöhl,Christian"]
[WhiteTeam "Bayer Leverkusen 1"]
[BlackTeam "SK Troisdorf"]
[WhiteElo "2019"]
[BlackElo "2140"]
[WhiteDWZ "2001"]
[BlackDWZ "2101"]
[Result "0-1"]
[PlyCount "122"]
[EventDate "2024.10.13"]
[SourceDate "2024.10.13"]
 
1. e4 e5 2. Nf3 Nc6 3. Bc4 Nf6 4. d3 Bc5 5. c3 a6 6. Bg5 h6 7. Bh4 g5 8. Bg3 d6
9. Nbd2 Ba7 10. a3 Qe7 11. Qe2 Be6 12. Bxe6 Qxe6 13. Nc4 O-O-O 14. O-O-O Nh5
15. Kb1 f5 16. Nfd2 Nf4 17. Bxf4 gxf4 18. Nb3 fxe4 19. dxe4 Bxf2 20. Qxf2 Qxc4
21. Nd2 Qd3+ 22. Kc1 Rhg8 23. Rhg1 d5 24. exd5 Qxd5 25. g3 fxg3 26. hxg3 Kb8
27. Qe3 Qd3 28. Qxh6 Rxg3 29. Rxg3 Qxg3 30. Rf1 Qd3 31. Re1 Na5 32. Qe3 Qxd2+
33. Qxd2 Nb3+ 34. Kc2 Nxd2 35. Rxe5 Nc4 36. Re2 b6 37. a4 Kb7 38. Rh2 Kc6 39.
Re2 b5 40. axb5+ Kxb5 41. Rh2 Ne3+ 42. Kb3 c5 43. Re2 c4+ 44. Ka3 Nd5 45. Re5
Kc5 46. b3 cxb3 47. Kxb3 Rb8+ 48. Kc2 a5 49. Re6 a4 50. Ra6 Kb5 51. Rd6 Nb6 52.
Rh6 Rg8 53. Rh5+ Ka6 54. Rh2 Rg5 55. Kd3 Kb5 56. Rb2+ Kc5 57. Rb4 Rg2 58. Rh4
a3 59. Rh5+ Nd5 60. c4 Rg3+ 61. Ke4 Re3+ 0-1

[Event "SVM-Regionalliga 2024-25"]
[Site "?"]
[Date "2024.10.13"]
[Round "3.5"]
[Board "2"]
[White "Schwarz,Andreas"]
[Black "Böhm,Stefan"]
[WhiteTeam "SK Troisdorf"]
[BlackTeam "Bayer Leverkusen 1"]
[WhiteElo "2125"]
[BlackElo "1980"]
[WhiteDWZ "2121"]
[BlackDWZ "1978"]
[Result "1/2-1/2"]
[PlyCount "97"]
[EventDate "2024.10.13"]
[SourceDate "2024.10.13"]
 
1. e4 c5 2. Nf3 e6 3. d3 b5 4. b3 d6 5. Bb2 a6 6. a4 Bb7 7. Nbd2 e5 8. axb5
axb5 9. Rxa8 Bxa8 10. d4 cxd4 11. Bxb5+ Bc6 12. Qe2 Qb6 13. Bxc6+ Qxc6 14. O-O
Nf6 15. Rc1 Be7 16. c3 dxc3 17. Rxc3 Qb7 18. Qc4 O-O 19. Qc7 Qxc7 20. Rxc7 Nbd7
21. g4 Bd8 22. Rc6 Nc5 23. b4 Ncxe4 24. b5 Nxd2 25. Nxd2 h5 26. Ba3 Be7 27. g5
Nd5 28. Nc4 Rb8 29. b6 Nxb6 30. Nxb6 Bxg5 31. Bxd6 Re8 32. Rc5 f6 33. Nd5 Kf7
34. Rb5 Ra8 35. Rb7+ Kg6 36. Ne7+ Kf7 37. h4 Bxh4 38. Nf5+ Ke6 39. Nxh4 Kxd6
40. Rxg7 Ra4 41. Nf5+ Ke6 42. Ne3 f5 43. Rg6+ Kf7 44. Rh6 f4 45. Nd5 Rd4 46.
Nc3 e4 47. Rxh5 e3 48. fxe3 fxe3 49. Kg2 1/2-1/2

[Event "SVM-Regionalliga 2024-25"]
[Site "?"]
[Date "2024.10.13"]
[Round "3.5"]
[Board "3"]
[White "Claßen,Harald"]
[Black "Fuß,Jean-Pierre"]
[WhiteTeam "Bayer Leverkusen 1"]
[BlackTeam "SK Troisdorf"]
[WhiteElo "1970"]
[BlackElo "1957"]
[WhiteDWZ "1944"]
[BlackDWZ "2024"]
[Result "0-1"]
[PlyCount "52"]
[EventDate "2024.10.13"]
[SourceDate "2024.10.13"]
 
1. c4 Nf6 2. Nc3 e5 3. Nf3 Nc6 4. e3 d5 5. cxd5 Nxd5 6. Bb5 Nxc3 7. bxc3 Qd5 8.
Qa4 Bd7 9. e4 Qd6 10. d4 exd4 11. cxd4 Qb4+ 12. Bd2 Qxa4 13. Bxa4 O-O-O 14. d5
Nb4 15. Bxd7+ Rxd7 16. O-O Nd3 17. Be3 f5 18. exf5 Rxd5 19. Rfd1 Bd6 20. Bd4
Ne5 21. Bxe5 Bxe5 22. Rac1 Rhd8 23. Re1 Bf4 24. Rc4 Rxf5 25. Nd4 Re5 26. Rxe5
Bxe5 0-1

[Event "SVM-Regionalliga 2024-25"]
[Site "?"]
[Date "2024.10.13"]
[Round "3.5"]
[Board "6"]
[White "Hallen,Maxime"]
[Black "Eßer,Julian"]
[WhiteTeam "SK Troisdorf"]
[BlackTeam "Bayer Leverkusen 1"]
[WhiteElo "1748"]
[BlackElo "1881"]
[WhiteDWZ "1776"]
[BlackDWZ "1911"]
[Result "0-1"]
[PlyCount "126"]
[EventDate "2024.10.13"]
[SourceDate "2024.10.13"]
 
1. d4 d5 2. c4 e6 3. cxd5 exd5 4. Nc3 Nf6 5. Bg5 c6 6. e3 Be7 7. Nf3 Bf5 8. Bd3
Bxd3 9. Qxd3 Nbd7 10. O-O h6 11. Bf4 Nh5 12. Be5 Nhf6 13. a3 Nxe5 14. Nxe5 Nd7
15. f4 Nxe5 16. fxe5 Qd7 17. b4 O-O 18. Rac1 a5 19. Na4 Qg4 20. b5 cxb5 21.
Qxb5 Bxa3 22. Rc7 Qe4 23. Qb3 Bb4 24. Rf4 Qg6 25. Qxd5 Qd3 26. Qf3 Qb1+ 27. Qf1
Qxf1+ 28. Kxf1 b5 29. Nb6 Ra6 30. Rb7 Bc3 31. Nd7 Rc8 32. Rxf7 Kxf7 33. Nc5+
Kg6 34. Nxa6 a4 35. Nc5 a3 36. Ra7 b4 37. Nb3 Bb2 38. Nc5 Rxc5 39. dxc5 Bxe5
40. Ra5 Kf6 41. Ke2 Bb2 42. Ra7 b3 43. c6 Ke6 44. Rf7 Be5 45. c7 Bxc7 46. Rxc7
b2 47. Rb7 a2 48. Rxb2 a1=Q 49. Rd2 Qg1 50. Kf3 Qxh2 51. Rf2 Qh5+ 52. Kg3 Qg5+
53. Kf3 h5 54. Ke2 Qg4+ 55. Ke1 g5 56. Rd2 Qg3+ 57. Kf1 h4 58. Rf2 g4 59. e4 h3
60. gxh3 gxh3 61. e5 h2 62. Rf6+ Ke7 63. Rh6 Qg1+ 0-1

[Event "SVM-Regionalliga 2024-25"]
[Site "?"]
[Date "2024.10.13"]
[Round "3.5"]
[Board "7"]
[White "Henseler,Klaus"]
[Black "Budzyn,Marcus"]
[WhiteTeam "Bayer Leverkusen 1"]
[BlackTeam "SK Troisdorf"]
[WhiteElo "1926"]
[BlackElo "1942"]
[WhiteDWZ "1796"]
[BlackDWZ "1948"]
[Result "1/2-1/2"]
[PlyCount "60"]
[EventDate "2024.10.13"]
[SourceDate "2024.10.13"]
 
1. d4 Nf6 2. Nf3 e6 3. e3 d5 4. Bd3 c5 5. b3 cxd4 6. exd4 Nc6 7. a3 Bd6 8. Bb2
O-O 9. Nbd2 b6 10. O-O Bb7 11. Qe2 Rc8 12. Ne5 Ne7 13. f4 Qc7 14. Rac1 Ng6 15.
g3 Rfe8 16. h4 Nf8 17. Ng4 Nxg4 18. Qxg4 f5 19. Qe2 Nd7 20. Nf3 Nf6 21. Ne5 Ne4
22. Rf3 Qe7 23. Ra1 Rc7 24. Kg2 Rec8 25. Rff1 g6 26. Nf3 Qf6 27. Ne5 Rg7 28.
Rh1 h5 29. Rhc1 Rgc7 30. Nf3 Qe7 {(=)} 1/2-1/2

[Event "SVM-Regionalliga 2024-25"]
[Site "?"]
[Date "2024.10.13"]
[Round "3.5"]
[Board "8"]
[White "Möws,Thomas"]
[Black "Petrovic,Julijan"]
[WhiteTeam "SK Troisdorf"]
[BlackTeam "Bayer Leverkusen 1"]
[WhiteElo "1860"]
[BlackElo "1814"]
[WhiteDWZ "1674"]
[BlackDWZ "1789"]
[Result "1-0"]
[PlyCount "73"]
[EventDate "2024.10.13"]
[SourceDate "2024.10.13"]
 
1. d4 Nf6 2. c4 e6 3. Nf3 b6 4. e3 Be7 5. Nc3 d5 6. cxd5 exd5 7. Bb5+ Bd7 8.
Qb3 c6 9. Bd3 Be6 10. O-O O-O 11. Bd2 Nbd7 12. Qc2 c5 13. Ne5 c4 14. Bf5 Rc8
15. f4 Bb4 16. Rf3 Bxc3 17. Bxc3 Bxf5 18. Qxf5 Nxe5 19. fxe5 Ne4 20. Bb4 g6 21.
Qf4 Ng5 22. Rff1 Ne6 23. Qf2 a5 24. Bxf8 Qxf8 25. Qf3 Rd8 26. Rac1 Rd7 27. b3
b5 28. bxc4 dxc4 29. Qc6 Qd8 30. Qxb5 c3 31. Qb3 Rc7 32. Rxc3 Nxd4 33. Rd3 Ne2+
34. Kh1 Qh4 35. e4 Rc1 36. Qxf7+ Kh8 37. Qf8# 1-0

[Event "SVM-Regionalliga 2024-25"]
[Site "?"]
[Date "2024.10.13"]
[Round "3.6"]
[Board "1"]
[White "Krings,Thomas"]
[Black "Meyer,Emil"]
[WhiteTeam "SV Horrem 1"]
[BlackTeam "Klub Kölner SF 3"]
[WhiteElo "1766"]
[BlackElo "1970"]
[WhiteDWZ "2045"]
[BlackDWZ "2047"]
[Result "1-0"]
[PlyCount "119"]
[EventDate "2024.10.13"]
[SourceDate "2024.10.13"]
 
1. e4 c5 2. c3 d5 3. exd5 Qxd5 4. d4 g6 5. Nf3 Bg7 6. Na3 cxd4 7. Nb5 Na6 8. Nbxd4 Nf6 9. Qb3 Qe4+ 10. Be3 O-O 11. O-O-O Nc5 12. Qa3 b6 13. h3 e5 14. Ng5 Qb7 15. Nb5 h6 16. Nd6 Qc7 17. Ngxf7 Rxf7 18. Bxc5 Rd7 19. Qb3+ Kh7 20. Ba3 e4 21. Bb5 Rd8 22. Qc4 Qxc4 23. Bxc4 a6 24. Rhe1 b5 25. Bb3 Bf8 26. Bc2 Be6 27. Nxe4 Rxd1+ 28. Rxd1 Bxa3 29. Nxf6+ Kg7 30. Nh5+ gxh5 31. bxa3 Kf6 32. Bb3 Bxb3 33. axb3 Ke5 34. Kc2 Rg8 35. g3 Rf8 36. f4+ Ke4 37. h4 Ke3 38. c4 Rc8 39. Kc3 a5 40. Rd5 bxc4 41. bxc4 Rg8 42. c5 Ke4 43. Rd4+ Kf3 44. Rd3+ Ke4 45. Kc4 a4 46. Rc3 Rc8 47. Kb4 Kd4 48. Rc1 Rb8+ 49. Kxa4 Ra8+ 50. Kb5 Rxa3 51. c6 Rb3+ 52. Ka4 Rxg3 53. c7 Rg8 54. c8=Q Rxc8 55. Rxc8 Ke4 56. Rc4+ Kf5 57. Kb5 Kg4 58. f5+ Kxf5 59. Kc5 Ke5 60. Ra4 1-0